ბათუმის შოთა რუსთაველის სახელმწიფო უნივერსიტეტის ბიბლიოთეკა

განწყობის ონტოლოგიური სტატუსის პრობლემა / (ბიბ.ჩანაწერი № 60451)

000 -ლიდერი
ფიქსირებული სიგრძის საკონტროლო ველი 01274nam a22002297a 4500
003 - საკონტროლო ნომრის იდენტიფიკატორი
საკონტროლო ველი Ge_BSU
005 - ბოლო ოპერაციის თარიღი და დრო
საკონტროლო ველი 20230720154606.0
008 - ფიქსირებული სიგრძის მონაცემთა ელემენტები - ზოგადი ინფორმაცია
ფიქსირებული სიგრძის საკონტროლო ველი 230720s2019ge xxu||||| |||| 00| 0 geo d
041 ## - ენის კოდი
Language code of text/sound track or separate title geo
080 ## - უნივერსალური ათობითი კლასიფიკაციის ინდექსი
Universal Decimal Classification number 159.937.1 ი-47
100 ## - მთავარი ჩანაწერი - პიროვნების სახელი
Personal name იმედაძე, ირაკლი, ავტორი.
9 (RLIN) 19455
245 ## - ცნობა სათაურის შესახებ
Title განწყობის ონტოლოგიური სტატუსის პრობლემა /
Statement of responsibility, etc ირაკლი იმედაძე ; რედ. რ. საყვარელიძე
264 ## - წარმოების, გამოცემის, დისტრიბუციის და სხვა ცნობები
გამოცემის, წარმოების, დისტრიბუციის... ადგილი თბილისი,
გამოცემის, წარმოების, დისტრიბუციის... თარიღი 2019.
300 ## - ფიზიკური აღწერა
Extent 83 გვ. ;
Other physical details 29 სმ.
504 ## - BIBLIOGRAPHY, ETC. NOTE
Bibliography, etc ბიბლიოგრაფია: გვ. 79-82 და ტექსტის შენიშვნებში.
653 ## - INDEX TERM--UNCONTROLLED
Uncontrolled term განწყობის თეორია.
653 ## - INDEX TERM--UNCONTROLLED
Uncontrolled term ფსიქოლოგია
700 ## - ADDED ENTRY--PERSONAL NAME
Personal name საყვარელიძე, რ
Relator term რედაქტორი
9 (RLIN) 19476
710 ## - ADDED ENTRY--CORPORATE NAME
Corporate name or jurisdiction name as entry element თბილისის სახელმწ. სამედ. უნივერსიტეტი, ფსიქოლოგიური განწყობის კვლევის და კორექციის ცენტრი.
9 (RLIN) 19477
773 ## - HOST ITEM ENTRY
Title ნაჩუქარი
942 ## - ADDED ENTRY ELEMENTS (KOHA)
Source of classification or shelving scheme
Koha item type წიგნი
ეგზემპლარები
ჩამოწერის სტატუსი დაკარგული ეგზემპლარის სტატუსი კლასიფიკაციის წყარო ან თაროზე გაწყობის სქემა დაზიანების სტატუსი არ გაიცემა მუდმივი მდებარეობა (დაცვის ადგილი) ამჟამინდელი ადგილსამყოფელი თაროზე განთავსების ადგილი შეძენის თარიღი ღირებულება, შესყიდვის ნორმალური ფასი სრული შენახვის შიფრი შტრიხკოდი ბოლო ოპერაციის თარიღი ეგზემპლარის მიმდევრობითი ნომერი (კეტერი?) ფასის ძალაში შესვლის თარიღი ეგზემპლარის სახეობა საჯარო შენიშვნა
          ბათუმის შოთა რუსთაველის სახელმწიფო უნივერსიტეტის მთავარი ბიბლიოთეკა ბათუმის შოთა რუსთაველის სახელმწიფო უნივერსიტეტის მთავარი ბიბლიოთეკა წიგნსაცავი 2023-07-20 7.00 159.937.1 ი-47 65009 2023-07-20 65009 2023-07-20 წიგნი 7.00